Scrambled Countries (Hard) #1 - Statistics

General Stats
  • This quiz has been taken 576 times
    569 since last reset
  • The average score is 13 of 15
Answer Stats
Scarmbled Answer % Correct
oogt Togo
100%
oals Laos
99%
nnibe Benin
96%
yspucr Cyprus
93%
Qmzmboaieu Mozambique
92%
aizjnabera Azerbaijan
91%
aurun Nauru
91%
yaaiamls Malaysia
89%
nbnaoel Lebanon
87%
aebrsi Serbia
87%
imvneat Vietnam
85%
eiggaor Georgia
78%
iikbtria Kiribati
77%
tase iotrm East Timor
72%
smrociiane Micronesia
34%
No matching quizzes found
Score Distribution
Percent of People with Each Score
Percentile by Number Answered
Your Score History
You have not taken this quiz since the last reset